Представление документа в формате MARC21

Поле Инд. ПП Название Значение
Тип записи a
Библиографический уровень b
001 Контрольный номер RU/IS/BASE/290105017
005 Дата корректировки 20200529173533.4
008 Кодируемые данные 20090311
040 b Код языка каталог. rus
e Правила каталог. PSBO
041 0_ a Код языка текста rus
084 a Индекс другой классификации/Индекс ББК 83.3(2-411.2)-022.26; 83.002.1
100 1_ a Автор Казначеев С. М.
245 10 a Заглавие Проблема нового реализма: регенерация метода
504 a Библиография Библиогр. ссылки
520 0_ a Аннотация "Проявляя склонность к постоянной регенерации, реализм в его нынешнем виде сохраняет в себе основные и принципиальные черты традиционного представления о корневой тенденции русской культуры, но в то же время несет в себе новые черты, отражающие современную действительность во всей ее полноте и противоречивости", - заключает свое исследование автор статьи
650 04 a Основная рубрика история литературы
a Основная рубрика литературоведение
a Основная рубрика теория литературы
a Основная рубрика филологические науки
653 0_ a Ключевые слова искусство
a Ключевые слова литература
a Ключевые слова реализм
a Ключевые слова Россия
a Ключевые слова русский реализм
a Ключевые слова художественный метод
773 08 t Заглавие источника Филологические науки
d Дата издания источника 2008
g Прочая информация № 1. - С. 24 - 34
w Контрольный № источника RU/IS/BASE/256826202
901 t Тип документа b